Obchodní jednání a národní zvyklosti: Nigérie

Stručná ekonomická charakteristika Nigérie. Obchodné rokovania a národné zvyklosti. Pracovné návyky. Vzťahy medzi ľuďmi, komunikácia. Obliekanie, stolovanie. Viera. Širší rámec kultúrnych osobitostí. Právny poriadok.

Salvato in:
Dettagli Bibliografici
Autore principale: Kirsch, Roman
Natura: Capitolo di libro
Lingua:ceco
Soggetti:
Tags: Aggiungi Tag
Nessun Tag, puoi essere il primo ad aggiungerne!!

MARC

LEADER 00000naa a2200000 4500
001 r048683
005 20230908091430.2
041 0 |a cze 
044 |a CZ 
245 1 0 |a Obchodní jednání a národní zvyklosti: Nigérie  |c Roman Kirsch 
520 |a Stručná ekonomická charakteristika Nigérie. Obchodné rokovania a národné zvyklosti. Pracovné návyky. Vzťahy medzi ľuďmi, komunikácia. Obliekanie, stolovanie. Viera. Širší rámec kultúrnych osobitostí. Právny poriadok. 
610 2 0 |a rokovania obchodné 
610 2 0 |a partneri obchodní 
610 2 0 |a Nigéria 
610 2 0 |a zvyklosti obchodné 
610 2 0 |a komunikácia 
610 2 0 |a stolovanie 
610 2 0 |a náboženstvo 
610 2 0 |a poriadok právny 
100 1 |a Kirsch, Roman